|
|
|
|
| LEADER |
00799cam a2200229 7i4500 |
| 001 |
0000037079 |
| 005 |
20221125090000.0 |
| 007 |
##ta |
| 008 |
221125s2022 eng |
| 020 |
# |
# |
|a 9780815739005
|
| 040 |
# |
# |
|a MATR
|
| 090 |
0 |
# |
|a B 338.9
|b SHI
|
| 245 |
0 |
0 |
|a SHIFTING PARADIGMS :
|b Growth, Finance, Jobs, and Inequality in the Digital Economy
|c edited by Zia Qureshi and Cheonsik Woo.
|
| 264 |
# |
1 |
|a Washington, D.C.:
|b Brookings Institution Press,
|c 2022.
|
| 300 |
# |
# |
|a xii, 282 pages:
|b illustrations;
|c 30 cm.
|
| 336 |
# |
# |
|a text
|2 rdacontent
|
| 337 |
# |
# |
|a unmediated
|2 rdamedia
|
| 338 |
# |
# |
|a volume
|2 rdacarrier
|
| 650 |
# |
0 |
|a Economic development --
|x Social aspects
|
| 700 |
1 |
# |
|a Qureshi, Zia
|
| 700 |
1 |
# |
|a Woo, Cheonsik
|
| 999 |
|
|
|a 0000041970
|b Book
|c Book
|e Business Information Centre
|